LEADER 01095nam0-22003011i-450- 001 990007474960403321 005 20080506095425.0 035 $a000747496 035 $aFED01000747496 035 $a(Aleph)000747496FED01 035 $a000747496 100 $a20030814d1988----km-y0itay50------ba 101 0 $aita 102 $aIT 105 $ay-------001yy 200 1 $aAspetti geografici del turismo in una valle appenninica (Alta Val di Lima - Montagna Pistoiese)$eil profilo del territorio e i motivi d'attrazione turistica$el'evoluzione del fenomeno turistico e il quadro attuale$fLaura Cassi 210 $aFirenze$cUniversitą$d1988 215 $a233 p.$d24 cm 225 1 $aAtti dell' Istituto di Geografia$iQuaderno$v13 610 0 $aToscana$aAppennino$aTurismo 700 1$aCassi,$bLaura$0150279 801 0$aIT$bUNINA$gRICA$2UNIMARC 901 $aBK 912 $a990007474960403321 952 $aColl.023(013)$bI.G.1773$fILFGE 959 $aILFGE 996 $aAspetti geografici del turismo in una valle appenninica (Alta Val di Lima - Montagna Pistoiese$9674567 997 $aUNINA LEADER 01450nam2-2200433---450- 001 990002685630203316 005 20051129105007.0 035 $a000268563 035 $aUSA01000268563 035 $a(ALEPH)000268563USA01 035 $a000268563 100 $a20051115d2004----km-y0itay50------ba 101 0 $aita 102 $aIT 105 $aa|||z|||001yy 200 1 $a<<1.>> : Chiese, palazzi e giardini$fGiuseppe Rescigno 205 $a2. ed 210 $aMercato S. Severino$cAmministrazione Comunale$d2004 215 $a263 p.$cill.$d24 cm 300 $aIn cop.: Cittą di Mercato S. Severino, Assessorato alle politiche culturali; Lea, Laboratorio di educazione ambientale 300 $aIn custodia 410 0$12001 454 1 $12001 461 1$1001000268559$12001$aItinerari ambientali e culturali a Mercato San Severino 607 $aMercato San Severino$xStoria 610 $aMercato San Severino$xCultura e societą 676 $a945.7443 700 1$aRESCIGNO,$bGiuseppe$09792 801 0$aIT$bsalbc$gISBD 912 $a990002685630203316 951 $aXV.1.A. 1040/1(V G 1230/1)$b183244 L.M.$cV G$d00176622 959 $aBK 969 $aUMA 979 $aPECORARO$b90$c20051115$lUSA01$h1217 979 $aPECORARO$b90$c20051115$lUSA01$h1303 979 $aPECORARO$b90$c20051115$lUSA01$h1422 979 $aCOPAT1$b90$c20051129$lUSA01$h1050 996 $aChiese, palazzi e giardini$91003202 997 $aUNISA